| 000 | 00457nam a22001817a 4500 | ||
|---|---|---|---|
| 003 | koha_MIRAKIL | ||
| 005 | 20231213095804.0 | ||
| 008 | 231213b |||||||| |||| 00| 0 ||| d | ||
| 040 |
_aTR-IsEVY _btur _cTR-IsEVY |
||
| 082 | _a398.2 TÜR | ||
| 245 | 0 | _aTürk masalları | |
| 250 | _a4. bs. | ||
| 260 |
_bElips Kitap, _c2012 |
||
| 300 | _a160 s. | ||
| 650 | _aGelenekler, Görgü, Halkbilim. | ||
| 650 | _aTürk Edebiyatı. -- Masal. | ||
| 942 |
_2ddc _cBK |
||
| 999 |
_c9462 _d9462 |
||